Anl̀isis del Anexo 7 del Proyecto de Presupuesto 2008 Asignado al PEC para el Desarrollo Rural Sustentable

Detalles Bibliográficos
Formato: eBook
Lenguaje:español
Publicado: Ciudad de Mx̌ico: Cm̀ara de Diputados, 2007
Materias:
Acceso en línea:Acceso restringido

MARC

LEADER 00000nam a22000007a 4500
005 2018033007287.0
007 cr|||| ||||
008 180330s2007 mx |||||s||||f00||0 spa d
035 |a 21238 
040 |a vLex 
090 |c 7578  |d 7578 
245 0 0 |a Anl̀isis del Anexo 7 del Proyecto de Presupuesto 2008 Asignado al PEC para el Desarrollo Rural Sustentable  |h [Recurso electrn̤ico] / 
256 |a Servicio en ln̕ea 
260 |a Ciudad de Mx̌ico:  |b Cm̀ara de Diputados,  |c 2007 
300 |a 1 recurso electrn̤ico 
506 1 |a Disponible solo en los productos indicados  |d vLex Global  |d vLex Global (Academic Edition, excluding Law Schools)  |d vLex Global (U.S. Academic Edition, Law Schools)  |d vLex Global (U.S. Academic Edition, excluding Law Schools)  |d vLex Global (Academic Edition, Law Schools) 
650 0 4 |a Economa̕ y negocios  |z Mx̌ico 
740 0 |a vLex Libros (Servicio en ln̕ea) 
856 4 0 |u http://vlex.com/source/analisis-anexo-7-proyecto-presupuesto-2008-asignado-programa-especial-concurrente-desarrollo-rural-sustentable-pec--21238  |z Acceso restringido 
942 |c BOOK 
999 0 |a Economy and business